Vista normal Vista MARC

Entrada Materia (personas)

Número de registros utilizados en: 1

001 - CONTROL NUMBER

  • control field: 51827

003 - CONTROL NUMBER IDENTIFIER

  • control field: Co-BoUCM

005 - DATE AND TIME OF LATEST TRANSACTION

  • control field: 20131202124625.0

008 - FIXED-LENGTH DATA ELEMENTS

  • fixed length control field: 131202|| aca||aabn | a|a d

040 ## - CATALOGING SOURCE

  • Original cataloging agency: Co-BoUCM
  • Transcribing agency: Co-BoUCM

100 ## - HEADING--PERSONAL NAME

  • Personal name: Muñiz, José

670 ## - SOURCE DATA FOUND

  • Source citation: Work cat.: (Co-BoUCM)47647: Muñiz, José, Teoría clásica de los tests, 1998